ស្ថិតិអាជីវកម្ម Statistique de l'exploitation (Record no. 9187)

000 -LEADER
fixed length control field 00307nam a22001217a 4500
040 ## - CATALOGING SOURCE
Transcribing agency HS
082 ## - DEWEY DECIMAL CLASSIFICATION NUMBER
Classification number 570
100 ## - MAIN ENTRY--AUTHOR NAME
Personal name អេង លេង
245 ## - TITLE STATEMENT
Title ស្ថិតិអាជីវកម្ម Statistique de l'exploitation
260 ## - PUBLICATION, DISTRIBUTION, ETC. (IMPRINT)
Place of publication RUA
Name of publisher អេង លេង
Year of publication 2000
300 ## - PHYSICAL DESCRIPTION
Number of Pages 83p;
942 ## - ADDED ENTRY ELEMENTS (KOHA)
Koha item type សៀវភៅភាសាខ្មែរ
952 ## - LOCATION AND ITEM INFORMATION (KOHA)
Withdrawn status [LOCAL, KOHA] 0
Holdings
Permanent Location Date acquired Koha item type Lost status Shelving location Barcode Current Location Full call number
Library Block C2016-08-25សៀវភៅភាសាខ្មែរ C174RUA061469Library Block C570 អេង 2000 C174
មជ្ឈមណ្ឌលឯការនៃសាកលវិទ្យាល័យភូមិន្ទកសិកម្មចំការដូង

Powered by Koha